000
00289nam a22001337a 4500
008
170601b xxu||||| |||| 00| 0 eng d
020
_a
394318242
041
_a
eng
080
_a
94(7/8)
100
_a
17
101
_a
SHH
245
_a
TREEDOM AND CRISIS
_c
WEINSTEIN,A
942
_2
udc
_c
BK
999
_c
15244
_d
15244